LEADER 00960cam1 22002531 450 001 SOBE00034843 005 20130701111232.0 100 $a20130701g00009999|||||ita|0103 ba 101 $aita 102 $aIT 200 1 $a<>scienza nuova$egiusta l'edizione del 1744. Con le varianti dell'edizione del 1730 e di due redazioni intermedie inedite e corredata di note storich$fGiambattista Vico$ga cura di Fausto Nicolini 210 $aBari$cLaterza 215 $av.$d22 cm 225 2 $aClassici della filosofia moderna$v14 410 1$1001LAEC00023493$12001 $a*Classici della filosofia moderna$v14 463 1$1001SOBE00034845$12000 $a1 / Giambattista Vico 700 1$aVico$b, Giambattista$3AF00006785$4070$0151876 702 1$aNicolini, Fausto <1879-1965>$3A600200027537$4070 801 0$aIT$bUNISOB$c20130701$gRICA 912 $aSOBE00034843 940 $aM 102 Monografia moderna SBN 941 $aM 996 $aScienza nuova$987909 997 $aUNISOB LEADER 00899nam a2200229 i 4500 001 991003589059707536 008 181218s2018 it 000 0 ita d 035 $ab14356582-39ule_inst 040 $aBibl. Interfacoltà T. Pellegrino$bita 082 04$a920.045753 100 1 $aLicci, Nadia Maria Luisa$0785783 245 10$aEnnio Licci :$bun uomo, una storia : memorie familiari storico-politiche salentine /$cNadia Maria Luisa Licci 260 $aGalatina :$bEditrice salentina,$c2018 300 $a357 p. :$bill. ;$c30 cm 600 14$aLicci, Ennio 650 4$aUomini celebri$zRudìffano (Le) 907 $a.b14356582$b18-12-18$c18-12-18 912 $a991003589059707536 945 $aLE002 920.045753 LIC$g1$i20020010880$lle002$og$pE28.00$q-$rl$s- $t0$u0$v0$w0$x0$y.i15872932$z18-12-18 996 $aEnnio Licci$91749478 997 $aUNISALENTO 998 $ale002$b18-12-18$cm$da $e $fita$git $h0$i0